Delitos de "cuello blanco" en la Argentina: (un análisis de sus relaciones con la administración estatal a la luz de las experiencias de la Fiscalía Nacional de Investigaciones Administrativas)
| Autor principal: | |
|---|---|
| Tipo de documento: | Print Libro |
| Lenguaje: | Español |
| Publicado: |
Buenos Aires
Ed. Depalma
1989
|
| En: |
Biblioteca de ciencias penales (9)
Año: 1989 |
| Disponibilidad en Tübingen: | Disponible en Tübingen. UB: KB 8 E 3367 |
| Verificar disponibilidad: | HBZ Gateway |
| Servicio de pedido Subito: | Pedir ahora. |
MARC
| LEADER | 00000cam a2200000 c 4500 | ||
|---|---|---|---|
| 001 | 1098444469 | ||
| 003 | DE-627 | ||
| 005 | 20220514161347.0 | ||
| 007 | tu | ||
| 008 | 920521s1989 xx ||||| 00| ||spa c | ||
| 020 | |a 9501405206 |9 950-14-0520-6 | ||
| 035 | |a (DE-627)1098444469 | ||
| 035 | |a (DE-576)028444469 | ||
| 035 | |a (DE-599)BSZ028444469 | ||
| 035 | |a (OCoLC)23938727 | ||
| 040 | |a DE-627 |b ger |c DE-627 |e rakwb | ||
| 041 | |a spa | ||
| 100 | 1 | |a Molinas, Fernando H. |0 (DE-627)1239045271 |0 (DE-576)169045277 |4 aut | |
| 109 | |a Molinas, Fernando H. |a Horacio Molinas, Fernando | ||
| 245 | 1 | 0 | |a Delitos de "cuello blanco" en la Argentina |b (un análisis de sus relaciones con la administración estatal a la luz de las experiencias de la Fiscalía Nacional de Investigaciones Administrativas) |c Fernando Horacio Molinas |
| 264 | 1 | |a Buenos Aires |b Ed. Depalma |c 1989 | |
| 300 | |a X, 97 S. | ||
| 336 | |a Text |b txt |2 rdacontent | ||
| 337 | |a ohne Hilfsmittel zu benutzen |b n |2 rdamedia | ||
| 338 | |a Band |b nc |2 rdacarrier | ||
| 490 | 1 | |a Biblioteca de ciencias penales |v 9 | |
| 583 | 1 | |a Archivierung prüfen |c 20200919 |f DE-640 |z 2 |2 pdager | |
| 830 | 0 | |a Biblioteca de ciencias penales |v 9 |9 9 |w (DE-627)109101048X |w (DE-576)02101048X |7 am | |
| 951 | |a BO | ||
| ELC | |b 1 | ||
| LOK | |0 000 xxxxxcx a22 zn 4500 | ||
| LOK | |0 001 2185507966 | ||
| LOK | |0 003 DE-627 | ||
| LOK | |0 004 1098444469 | ||
| LOK | |0 005 20151020090624 | ||
| LOK | |0 008 920521||||||||||||||||ger||||||| | ||
| LOK | |0 040 |a DE-21 |c DE-627 |d DE-21 | ||
| LOK | |0 852 |a DE-21 | ||
| LOK | |0 852 1 |c KB 8 E 3367 |9 00 | ||
| LOK | |0 935 |a krim | ||
| LOK | |0 939 |a 21-05-92 |b l01 | ||
| ORI | |a SA-MARC-krimdoka001.raw | ||
| SIG | |a UB: KB 8 E 3367 | ||
